15 Famous People from Estonia - Statistics

General Stats
  • This quiz has been taken 43 times
    8 since last reset
  • The average score is 4 of 15
Answer Stats
Hint Answer % Correct
Footballer who played as a left back for Liverpool Ragnar Klavan
63%
President of Estonia after whom was the airport in Tallinn named Lennart Meri
50%
Tennis player who has been ranked as high as world No. 2 by WTA Anett Kontaveit
38%
Athlete who won the gold medal in decathlon in the 2000 Summer Olympics Erki Nool
38%
Discus thrower who won the gold medal at the 2008 Summer Olympics Gerd Kanter
38%
Female tennis player who achieved career-high ranking of world No. 15 in 2012 Kaia Kanepi
38%
Female politician and Vice-President of the European Commission since 2024 Kaja Kallas
38%
Goalkeeper who played for Derby County and Sunderland Mart Poom
38%
Rapper and visual artist who finished third in the 2025 Eurovision Song Contest Tommy Cash
38%
American actress who played in American Beauty and whose father was Estonian Mena Suvari
25%
A world-renowned supermodel who has graced countless covers of Vogue and Bazaar. Carmen Kass
13%
Estonian-born Patriarch of Russian Orthodox Church from 1990 to 2008 Alexy II of Moscow
0%
American actress who starred in Baywatch and whose mother is of Estonian descent Erika Eleniak
0%
Estonian-born explorer after whom a sea on the coast of Antarctica was named Fabian Gottlieb von Bellingshausen
0%
Italian actress who played in 1980 movie Flash Gordon and whose father was Estonian Ornella Muti
0%
No matching quizzes found
Score Distribution
Percent of People with Each Score
Percentile by Number Answered
Your Score History
You have not taken this quiz since the last reset